000 00432nam a22001337a 4500
008 230410b |||||||| |||| 00| 0 eng d
040 _aNational Science Library
_cNational Science Library
080 _a338.924(-202)
_bM0
245 _aHand book for extension services:
_bRural industrial development 1980
260 _aNew Delhi:
_bSmall Scale Industries,
_c1980
300 _axii, 433p.
650 _aHandbook
942 _2udc
_cHDK
999 _c19675
_d19675